Statistics for Antelope

Click here to take the quiz!

General Stats

  • This quiz has been taken 48 times
  • The average score is 9 of 15

Answer Stats

Answer% Correct
Impala
85%
Oryx
85%
Springbok
78%
Wildebeest
78%
Dik-Dik
70%
Kudu
67%
Thompson's Gazelle
67%
Nyala
59%
Eland
56%
Waterbuck
56%
Blackbuck
48%
Klipspringer
48%
Saiga
48%
Roan
30%
Lechwe
19%

Score Distribution

Percentile by Number Answered

Percent of People with Each Score

Your Score History

You have not taken this quiz